| 000 | 00476nam a22001697a 4500 | ||
|---|---|---|---|
| 005 | 20251108172443.0 | ||
| 008 | 250721s9999 xx 000 0 ara d | ||
| 082 | 1 | 4 | _a811.9محا |
| 100 | 1 | _aمحادين، خالد | |
| 245 | 1 | 0 | _aلم يبقى لدي من الوقت إلا أنت / |
| 264 | 1 |
_aعمان : _bأمانة عمان الكبرى، |
|
| 300 | _a160ص | ||
| 650 | 1 | 7 | _aالشعر العربي |
| 650 | 1 | 7 | _aالأردن |
| 942 |
_2ddc _cBK |
||
| 999 |
_c79756 _d79756 |
||